000 00857nam a2200253Ia 4500
003 OSt
005 20221005112244.0
006 a|||||r|||| 00| 0
007 ta
008 221004b |||||||| |||| 00| 0 pan d
020 _a9788189284978 (hbk)
_cIndian Rupees 250
024 _a39436
037 _bGift, 18/09/2018,
_cTextual
040 _aCRL
_cCRL
_bpan
041 _2pan
_apan
082 _aQ8441xK21, 153Q6
100 _aਕੌਰ, ਅਮਰਜੀਤ, ਥਦ.
245 0 _aਗੁਰੂ ਤੇਫ਼ ਬਹਾਦਰ
260 _aਅੰਮ੍ਰਿਤਸਰ
_bਰੂਹੀ ਪ੍ਰਕਾFਨ ਭਾਰਤ
_c2016
300 _a128ਪ0
_ccm.
650 _aਸਿੱਖ ਧਰਮ
_9156314
942 _hQ8441xK21, 153Q6
_cTEXL
_2cc
999 _c1024342
_d1024342